000 00568nam a2200217Ia 4500
003 OSt
005 20220928141641.0
006 a|||||r|||| 00| 0
007 ta
008 220927b |||||||| |||| 00| 0 eng d
024 _a16507
037 _cTextual
040 _aSDCL
_cSDCL
_beng
041 _2eng
_aeng
082 _aWxM09, L9
100 _aHyams Edward
_9357505
245 0 _aPierre-Joseph Proudhon
_bHis revolutionary life, mind and works
260 _c1979
942 _hWxM09, L9
_cTEXL
_2CC
999 _c818857
_d818857